Kraje które mają najwięcej żydów. - Statystyki

Ogólne statystyki
  • Ten quiz został rozwiązany 943 razy
  • Średni wynik to 11 z 15
Statystyki odpowiedzi
Żydzi Kraj % Poprawnych
5,5 MLN Izrael
97%
5,3 MLN Stany zjednoczone
91%
120 tyś Niemcy
89%
215 tyś Rosja
88%
490 tyś Francja
86%
375 tyś Kanada
83%
295 tyś Wielka Brytania
79%
110 tyś Brazylia
72%
45 tyś Meksyk
70%
182 tyś Argentyna
67%
92 tyś Ukraina
66%
104 tyś Australia
64%
45 tyś Białoruś
49%
32 tyś Belgia
43%
71 tyś Republika Południowej Afryki
38%
Nie znaleziono quizów pasujących do podanych kryteriów
Rozkład punktacji
Procent ludzi z każdym wynikiem
Percentyl według liczby udzielonych odpowiedzi
Twoja historia wyników
Nie rozwiązałeś tego quizu